[Event "45th Nordic Ch"]
[Site "Reykjavik ISL"]
[Date "1997.10.19"]
[Round "10"]
[White "Aakesson, Ralf"]
[Black "Schandorff, Lars"]
[Result "1/2-1/2"]
[WhiteElo "2520"]
[BlackElo "2505"]
[EventDate "1997.10.08"]
[PlyCount "82"]

1.c4 c5 2.Nf3 Nc6 3.d4 cxd4 4.Nxd4 Nf6 5.Nc3 e6 6.g3 Qb6 7.Nb3 Ne5 8.e4 
Bb4 9.Qe2 d6 10.f4 Nc6 11.Be3 Bxc3+ 12.bxc3 Qc7 13.Bg2 O-O 14.O-O b6 15.g4
Bb7 16.g5 Nd7 17.Rf3 Rfe8 18.Rh3 Nf8 19.Rf1 Ba6 20.Nd2 Na5 21.Qh5 Nxc4 22.
Nxc4 Bxc4 23.Rf2 d5 24.f5 exf5 25.exf5 Qe5 26.Bd4 Qe1+ 27.Bf1 Bxf1 28.Rxf1
Qe2 29.Rhf3 Re4 30.Kh1 Rae8 31.g6 f6 32.R1f2 Qd1+ 33.Kg2 h6 34.Qh3 Re2 35.
Qg3 Rxf2+ 36.Rxf2 Re7 37.h3 Qe1 38.Qd6 Qe4+ 39.Kh2 Rd7 40.Qc6 Qe7 41.a4 
Rd6 1/2-1/2

[Event "45th Nordic Ch"]
[Site "Reykjavik ISL"]
[Date "1997.10.20"]
[Round "11"]
[White "Gretarsson, Helgi Ass"]
[Black "Hillarp Persson, Tiger"]
[Result "1-0"]
[WhiteElo "2475"]
[BlackElo "2445"]
[EventDate "1997.10.08"]
[PlyCount "84"]

1.d4 Nf6 2.c4 g6 3.Nc3 Bg7 4.e4 d6 5.f4 O-O 6.Nf3 c5 7.dxc5 Qa5 8.Bd3 Qxc5
9.Qe2 Bg4 10.Be3 Qa5 11.O-O Nc6 12.Rac1 Nd7 13.Bb1 Nc5 14.Rfd1 Na4 15.Nxa4
Qxa4 16.Rd2 Rac8 17.h3 Bxf3 18.Qxf3 Qb4 19.Qf2 Na5 20.b3 Nc6 21.Rd5 Qa3 
22.Rcd1 b6 23.h4 Qb2 24.R5d2 Qc3 25.h5 Nb4 26.a3 Na6 27.Rd3 Qb2 28.Qxb2 
Bxb2 29.b4 Nb8 30.Ba2 Bg7 31.Kf2 Rc7 32.Ke2 Nc6 33.Rd5 Rfc8 34.g4 Bb2 35.
R1d3 Nb8 36.h6 Nd7 37.e5 Bxe5 38.fxe5 Nxe5 39.Rxe5 dxe5 40.Rd5 Rxc4 41.
Bxc4 Rxc4 42.Rd8# 1-0

[Event "45th Nordic Ch"]
[Site "Reykjavik ISL"]
[Date "1997.10.20"]
[Round "11"]
[White "Thorhallsson, Throestur"]
[Black "Hjartarson, Johann"]
[Result "1/2-1/2"]
[WhiteElo "2510"]
[BlackElo "2605"]
[EventDate "1997.10.08"]
[PlyCount "80"]

1.e4 g6 2.d4 Bg7 3.Nc3 d6 4.Be3 a6 5.f4 b5 6.Bd3 Bb7 7.Nf3 Nf6 8.e5 Ng4 9.
Qe2 c5 10.e6 Bxf3 11.Qxf3 Nxe3 12.exf7+ Kxf7 13.Qxa8 cxd4 14.Nd1 Qc7 15.
Nxe3 dxe3 16.Qd5+ e6 17.Qb3 Qc5 18.c3 Nc6 19.a3 Ke7 20.Be2 Rf8 21.O-O d5 
22.Kh1 Qd6 23.g3 Rd8 24.Rad1 Qc5 25.h4 Bf6 26.Kh2 Kf7 27.Rfe1 Kg7 28.Bf3 
Na5 29.Qb4 Qb6 30.Be2 h6 31.a4 Nc6 32.Qb3 Rb8 33.axb5 axb5 34.Ra1 b4 35.
Ra6 Qc5 36.Qa4 Ne7 37.Ra5 Qd6 38.Ra6 Qc5 39.Ra5 Qd6 40.Ra6 Qc5 1/2-1/2

[Event "45th Nordic Ch"]
[Site "Reykjavik ISL"]
[Date "1997.10.20"]
[Round "11"]
[White "Hector, Jonny"]
[Black "Stefansson, Hannes Hlifar"]
[Result "1/2-1/2"]
[WhiteElo "2470"]
[BlackElo "2545"]
[EventDate "1997.10.08"]
[PlyCount "62"]

1.e4 e5 2.Nf3 Nc6 3.Nc3 Nf6 4.g3 d5 5.exd5 Nxd5 6.Bg2 Nxc3 7.bxc3 Bd6 8.
O-O O-O 9.Rb1 Rb8 10.d4 Bf5 11.dxe5 Nxe5 12.Nxe5 Bxe5 13.Qxd8 Rfxd8 14.Rb5
f6 15.f4 Bd7 16.Rxb7 Bxc3 17.Rd1 Bf5 18.Rxd8+ Rxd8 19.Be3 Bd4 20.Bxd4 Rxd4
21.Rxc7 Rd1+ 22.Kf2 Rd2+ 23.Kf1 Bxc2 24.Bf3 a5 25.h4 Bb1 26.a4 Rd4 27.Bc6 
Bc2 28.Kf2 Kf8 29.Ra7 Bxa4 30.Ke3 Rb4 31.Bd5 Be8 1/2-1/2

[Event "45th Nordic Ch"]
[Site "Reykjavik ISL"]
[Date "1997.10.20"]
[Round "11"]
[White "Hansen, Curt"]
[Black "Aakesson, Ralf"]
[Result "1-0"]
[WhiteElo "2600"]
[BlackElo "2520"]
[EventDate "1997.10.08"]
[PlyCount "84"]

1.e4 c5 2.Nf3 d6 3.d4 cxd4 4.Nxd4 Nf6 5.Nc3 e6 6.Be2 Be7 7.O-O O-O 8.f4 
Nc6 9.Be3 e5 10.fxe5 dxe5 11.Nf5 Bxf5 12.Rxf5 g6 13.Rf2 Qxd1+ 14.Rxd1 Nd4 
15.Bg5 Kg7 16.Bc4 Rac8 17.Bb3 h6 18.Bxf6+ Bxf6 19.Nd5 Bg5 20.c3 Ne6 21.g3 
Nc5 22.Bc2 h5 23.h4 Bd8 24.Kg2 Rc6 25.b4 Ne6 26.Bb3 Nc7 27.Rf3 Rd6 28.Rfd3
Nxd5 29.Rxd5 Rxd5 30.Rxd5 Bb6 31.Rd7 Rc8 32.Rxf7+ Kh6 33.c4 Rc7 34.c5 Rxf7
35.Bxf7 Bd8 36.b5 g5 37.c6 bxc6 38.bxc6 Bb6 39.Kf3 Bc7 40.Ke2 Bb6 41.Kd3 
gxh4 42.gxh4 1-0

[Event "45th Nordic Ch"]
[Site "Reykjavik ISL"]
[Date "1997.10.20"]
[Round "11"]
[White "Westerinen, Heikki"]
[Black "Nilssen, John Arni"]
[Result "1/2-1/2"]
[WhiteElo "2410"]
[BlackElo "2315"]
[EventDate "1997.10.08"]
[PlyCount "118"]

1.e4 c5 2.Nf3 Nc6 3.d4 cxd4 4.Nxd4 e5 5.Nb5 d6 6.c4 Be7 7.b3 Nf6 8.Bd3 O-O
9.O-O Bg4 10.f3 Be6 11.Be3 Nh5 12.Qd2 Nf4 13.Rd1 a6 14.N5c3 Rc8 15.Nd5 
Bxd5 16.exd5 Nb8 17.Bf5 Nd7 18.Nc3 g6 19.Bxd7 Qxd7 20.Bxf4 exf4 21.Qxf4 b5
22.Rac1 bxc4 23.bxc4 Qd8 24.Qd4 Bf6 25.Qd3 Be5 26.Ne2 Qa5 27.Qd2 Qa4 28.
Qc2 Qa3 29.Rd3 Qc5+ 30.Kh1 Rfe8 31.f4 Bg7 32.Rf3 Rb8 33.Ng3 f5 34.h3 Re3 
35.Rcf1 Rbe8 36.Qa4 Kf7 37.Qxa6 Rxf3 38.Rxf3 Re1+ 39.Nf1 Re4 40.Qb7+ Re7 
41.Qc6 Qxc6 42.dxc6 Rc7 43.Ra3 Rxc6 44.Nd2 Bb2 45.Ra7+ Kf6 46.g3 Bc1 47.
Nf3 h6 48.Ra4 Be3 49.Ra3 Bc5 50.Rc3 g5 51.fxg5+ hxg5 52.Kg2 Rb6 53.Rb3 Ra6
54.Rb2 Ra3 55.Rc2 Re3 56.Nh2 Ke5 57.Nf3+ Kf6 58.Nh2 Ke5 59.Nf3+ Kf6 
1/2-1/2

[Event "45th Nordic Ch"]
[Site "Reykjavik ISL"]
[Date "1997.10.21"]
[Round "12"]
[White "Aakesson, Ralf"]
[Black "Gretarsson, Helgi Ass"]
[Result "1-0"]
[WhiteElo "2520"]
[BlackElo "2475"]
[EventDate "1997.10.08"]
[PlyCount "80"]

1.d4 d5 2.c4 c6 3.Nc3 dxc4 4.e4 b5 5.a4 b4 6.Na2 Nf6 7.f3 e5 8.dxe5 Qxd1+ 
9.Kxd1 Nfd7 10.f4 a5 11.Bxc4 Nb6 12.Bb3 Na6 13.Be3 Bc5 14.Ke2 Bxe3 15.Kxe3
Nc5 16.Nc1 Nxb3 17.Nxb3 Nc4+ 18.Kf3 Nxb2 19.Ne2 Be6 20.Nc5 O-O-O 21.Rhc1 
Rhe8 22.Rc2 Nd3 23.Ke3 b3 24.Rc3 b2 25.Rb1 Ba2 26.Nxd3 Bxb1 27.Nxb2 g5 28.
Rxc6+ Kb7 29.Rc5 Rc8 30.Rxa5 gxf4+ 31.Nxf4 Rc1 32.Ne2 Re1 33.Kf2 Rh1 34.
Nc4 Rg8 35.Nd6+ Kc7 36.Nc3 Bd3 37.Ra7+ Kb6 38.Rxf7 Kc5 39.Ke3 Bf1 40.Nd5 
1-0

[Event "45th Nordic Ch"]
[Site "Reykjavik ISL"]
[Date "1997.10.21"]
[Round "12"]
[White "Hillarp Persson, Tiger"]
[Black "Thorhallsson, Throestur"]
[Result "0-1"]
[WhiteElo "2445"]
[BlackElo "2510"]
[EventDate "1997.10.08"]
[PlyCount "72"]

1.d4 d5 2.c4 c6 3.Nf3 Nf6 4.Nc3 e6 5.Bg5 h6 6.Bxf6 Qxf6 7.Qb3 a5 8.c5 Nd7 
9.e3 e5 10.Be2 Be7 11.O-O O-O 12.Rac1 Bd8 13.Qa4 e4 14.Nd2 Bc7 15.b4 b5 
16.Qb3 axb4 17.Nxd5 cxd5 18.Qxd5 Rb8 19.Qxe4 Qd8 20.Bf3 Nf6 21.Qb1 Nd5 22.
Rc2 Bb7 23.Qb3 Nc3 24.Bxb7 Bxh2+ 25.Kh1 Bc7 26.Nf3 Rxb7 27.a3 Qd5 28.Qxd5 
Nxd5 29.axb4 Nxb4 30.Rb2 Nd5 31.e4 Nc3 32.Re1 Re8 33.d5 Rxe4 34.Rxe4 Nxe4 
35.Nd4 Nxc5 36.Re2 0-1

[Event "45th Nordic Ch"]
[Site "Reykjavik ISL"]
[Date "1997.10.21"]
[Round "12"]
[White "Stefansson, Hannes Hlifar"]
[Black "Gausel, Einar"]
[Result "1-0"]
[WhiteElo "2545"]
[BlackElo "2540"]
[EventDate "1997.10.08"]
[PlyCount "92"]

1.e4 e6 2.d4 d5 3.Nd2 dxe4 4.Nxe4 Nd7 5.Nf3 Ngf6 6.Nxf6+ Nxf6 7.Bd3 c5 8.
dxc5 Bxc5 9.Qe2 Bd7 10.Ne5 Bc6 11.O-O O-O 12.Nxc6 bxc6 13.Bg5 Be7 14.Rfd1 
Qb6 15.c4 a5 16.h3 a4 17.Bc2 a3 18.b3 Rfd8 19.Rxd8+ Rxd8 20.Rd1 Rxd1+ 21.
Qxd1 Qa5 22.Bd2 Qe5 23.b4 Qb2 24.Qb1 Qd4 25.Bd3 g6 26.Be1 e5 27.Qb3 e4 28.
Bc2 Qa1 29.Bb1 Qd4 30.Kf1 Qe5 31.Qxa3 Kg7 32.Qg3 Qe6 33.Qc3 Bd6 34.a4 Be5 
35.Qb3 Bd4 36.Bc2 Qe5 37.b5 cxb5 38.cxb5 Nd5 39.Qc4 e3 40.Bb3 e2+ 41.Qxe2 
Qh2 42.Qf3 Nf4 43.g4 f6 44.Bd2 g5 45.Bxf4 gxf4 46.Bc2 1-0

[Event "45th Nordic Ch"]
[Site "Reykjavik ISL"]
[Date "1997.10.21"]
[Round "12"]
[White "Hjartarson, Johann"]
[Black "Westerinen, Heikki"]
[Result "1-0"]
[WhiteElo "2605"]
[BlackElo "2410"]
[EventDate "1997.10.08"]
[PlyCount "82"]

1.e4 Nf6 2.e5 Nd5 3.d4 Nb6 4.a4 a5 5.Nf3 d5 6.exd6 cxd6 7.d5 Na6 8.Be3 Bd7
9.c3 Nc5 10.b3 e6 11.dxe6 fxe6 12.Na3 Be7 13.Nb5 d5 14.Bf4 Rc8 15.Nd6+ 
Bxd6 16.Bxd6 Ne4 17.Be5 O-O 18.Rc1 Be8 19.Qd4 Bh5 20.Bxg7 Rf7 21.Bh6 Nd7 
22.Be2 Qf6 23.Qxf6 Rxf6 24.Be3 Ndc5 25.Bxc5 Rxc5 26.c4 d4 27.Nxd4 Bxe2 28.
Kxe2 Nxf2 29.Rhf1 Re5+ 30.Kd2 Ne4+ 31.Kc2 Rg6 32.g3 Rh5 33.Nf3 Nd6 34.Rcd1
Nf5 35.Rd8+ Kg7 36.Re1 Rf6 37.Rd7+ Kh6 38.g4 Rh3 39.g5+ Kg6 40.gxf6 Rxf3 
41.f7 1-0

[Event "45th Nordic Ch"]
[Site "Reykjavik ISL"]
[Date "1997.10.21"]
[Round "12"]
[White "Tisdall, Jonathan"]
[Black "Hansen, Curt"]
[Result "0-1"]
[WhiteElo "2480"]
[BlackElo "2600"]
[EventDate "1997.10.08"]
[PlyCount "92"]

1.d4 Nf6 2.Nf3 e6 3.g3 c5 4.Bg2 Nc6 5.O-O cxd4 6.Nxd4 Qb6 7.Nb3 d5 8.Be3 
Qc7 9.Nc3 Be7 10.Nb5 Qd8 11.c4 O-O 12.Qc1 a6 13.cxd5 Nxd5 14.Nc3 Nxe3 15.
Qxe3 Bd7 16.Rfd1 Qc7 17.Rac1 Rfd8 18.Nd5 exd5 19.Qxe7 Re8 20.Qc5 Rxe2 21.
Bxd5 Rf8 22.Qc4 Rxb2 23.Nc5 Bc8 24.a3 Qe7 25.Re1 Qf6 26.Ne4 Qd4 27.Bxc6 
Qxc4 28.Rxc4 bxc6 29.Rxc6 h6 30.Nd6 Bh3 31.Rxa6 Rfb8 32.Rc6 R8b3 33.Rec1 
Rf3 34.Nc4 Rbxf2 35.Ne3 Re2 36.Nf1 Rff2 37.Ne3 Rf3 38.Nf1 Rg2+ 39.Kh1 Ra2 
40.Kg1 Rff2 41.Ne3 Rxh2 42.R1c2 Rhxc2 43.Nxc2 Bf5 44.Ne3 Be6 45.Ra6 Re2 
46.Nf1 Bh3 0-1

[Event "45th Nordic Ch"]
[Site "Reykjavik ISL"]
[Date "1997.10.21"]
[Round "12"]
[White "Nilssen, John Arni"]
[Black "Djurhuus, Rune"]
[Result "0-1"]
[WhiteElo "2315"]
[BlackElo "2525"]
[EventDate "1997.10.08"]
[PlyCount "76"]

1.g3 g6 2.Bg2 Bg7 3.d4 d6 4.e4 Nf6 5.Ne2 O-O 6.O-O Nbd7 7.h3 e5 8.dxe5 
Nxe5 9.Nbc3 Re8 10.Nf4 a6 11.a4 b6 12.Nfd5 Nxd5 13.Nxd5 Bb7 14.Re1 Nd7 15.
h4 h6 16.Ra3 Nc5 17.b4 Nd7 18.f4 a5 19.c3 c6 20.Ne3 Nf6 21.Ng4 Nxe4 22.
Rxe4 Rxe4 23.Bxe4 f5 24.Bd3 fxg4 25.Qxg4 Qe8 26.Bd2 c5 27.Qxg6 Qc6 28.Qh7+
Kf8 29.Qf5+ Ke7 30.Qh3 Qf3 31.Bf1 axb4 32.Ra1 bxc3 33.Re1+ Kd8 34.Be3 Rxa4
35.Bb5 Bc8 36.Bxc5 Bxh3 37.Re8+ Kc7 38.Re7+ Bd7 0-1

[Event "45th Nordic Ch"]
[Site "Reykjavik ISL"]
[Date "1997.10.22"]
[Round "13"]
[White "Gretarsson, Helgi Ass"]
[Black "Tisdall, Jonathan"]
[Result "1/2-1/2"]
[WhiteElo "2475"]
[BlackElo "2480"]
[EventDate "1997.10.08"]
[PlyCount "24"]

1.d4 Nf6 2.Nf3 g6 3.c4 Bg7 4.Nc3 d5 5.Bf4 O-O 6.e3 c5 7.dxc5 Qa5 8.Rc1 
dxc4 9.Bxc4 Qxc5 10.Bb3 Nc6 11.O-O Qa5 12.h3 1/2-1/2

[Event "45th Nordic Ch"]
[Site "Reykjavik ISL"]
[Date "1997.10.22"]
[Round "13"]
[White "Schandorff, Lars"]
[Black "Stefansson, Hannes Hlifar"]
[Result "1-0"]
[WhiteElo "2505"]
[BlackElo "2545"]
[EventDate "1997.10.08"]
[PlyCount "98"]

1.d4 Nf6 2.c4 e6 3.Nc3 Bb4 4.Qc2 O-O 5.a3 Bxc3+ 6.Qxc3 b6 7.Bg5 c5 8.dxc5 
bxc5 9.e3 d6 10.O-O-O Ne4 11.Qd3 Nxf2 12.Bxd8 Nxd3+ 13.Bxd3 Rxd8 14.Be4 d5
15.cxd5 f5 16.Bf3 e5 17.e4 Nd7 18.exf5 Nf6 19.g4 Bb7 20.Nh3 Bxd5 21.Bxd5+ 
Rxd5 22.Rxd5 Nxd5 23.Re1 Re8 24.Nf2 g6 25.Ne4 gxf5 26.gxf5 Rf8 27.Ng3 Nf4 
28.Kc2 Rf6 29.Rxe5 Rh6 30.Nf1 c4 31.Re4 Nd5 32.Rxc4 Rh5 33.Kd3 Rxf5 34.Ne3
Nxe3 35.Kxe3 a5 36.Rg4+ Kh8 37.h4 h5 38.Rf4 Rd5 39.b4 axb4 40.axb4 Kg7 41.
Ke4 Rd2 42.Ke5 Rd1 43.Rd4 Rb1 44.Kd6 Kf7 45.Kc6 Rc1+ 46.Kd7 Kf6 47.Kd6 Kf5
48.b5 Rb1 49.Kc5 1-0

[Event "45th Nordic Ch"]
[Site "Reykjavik ISL"]
[Date "1997.10.22"]
[Round "13"]
[White "Westerinen, Heikki"]
[Black "Hillarp Persson, Tiger"]
[Result "1/2-1/2"]
[WhiteElo "2410"]
[BlackElo "2445"]
[EventDate "1997.10.08"]
[PlyCount "56"]

1.e4 g6 2.d4 Bg7 3.Nf3 d6 4.c3 Nf6 5.Bd3 O-O 6.O-O Nc6 7.Re1 e5 8.h3 h6 9.
dxe5 dxe5 10.b3 Nh5 11.Bf1 Be6 12.Qxd8 Rfxd8 13.g3 Nf6 14.Nbd2 Rd7 15.Nc4 
Rad8 16.Ba3 Nh7 17.g4 Bf6 18.Bc1 Kg7 19.Be3 Ng5 20.Nxg5 Bxg5 21.Bxg5 hxg5 
22.b4 Bxc4 23.Bxc4 Rd2 24.Kf1 R8d6 25.Re2 Rd1+ 26.Rxd1 Rxd1+ 27.Re1 Rd2 
28.Re2 Rd1+ 1/2-1/2

[Event "45th Nordic Ch"]
[Site "Reykjavik ISL"]
[Date "1997.10.22"]
[Round "13"]
[White "Gausel, Einar"]
[Black "Nilssen, John Arni"]
[Result "1/2-1/2"]
[WhiteElo "2540"]
[BlackElo "2315"]
[EventDate "1997.10.08"]
[PlyCount "250"]

1.d4 f5 2.c4 Nf6 3.Nc3 d6 4.Nf3 g6 5.g3 Bg7 6.Bg2 O-O 7.O-O Qe8 8.d5 Na6 
9.Rb1 Bd7 10.b4 c6 11.dxc6 Bxc6 12.Qb3 Kh8 13.Bb2 h6 14.c5 Ne4 15.cxd6 
Nxd6 16.b5 Nc5 17.Qb4 Bxf3 18.Bxf3 Rc8 19.Rfd1 Qf7 20.Nd5 Nce4 21.Bxe4 Rc4
22.Qd2 Rxe4 23.Qxh6+ Kg8 24.Bxg7 Qxg7 25.Qxg7+ Kxg7 26.e3 Kf7 27.b6 Ra4 
28.bxa7 Rxa7 29.Rb2 Rfa8 30.Nb4 Rc8 31.h4 Rc4 32.Kg2 Ra3 33.Nc2 Rac3 34.
Nd4 Ra4 35.Ne2 Rca3 36.Nc1 Rc3 37.Nb3 Nc4 38.Re2 Nd6 39.Rd4 Rcc4 40.Rb2 
Rab4 41.Rxc4 Rxc4 42.Kf3 Kf6 43.Ke2 Rc3 44.Nd2 Ke6 45.Kd1 Kd5 46.Rb3 Rc8 
47.Rb4 Ra8 48.a4 Kc5 49.Rd4 b5 50.axb5 Kxb5 51.e4 Kc5 52.Nb3+ Kc6 53.exf5 
gxf5 54.Rd2 Ne4 55.Rc2+ Kd5 56.Ke2 Ke5 57.Nc1 Rb8 58.Nd3+ Kf6 59.Rc6+ Nd6 
60.f3 Ra8 61.g4 Rh8 62.h5 fxg4 63.fxg4 Kg5 64.Nf2 Kf4 65.Kf1 Nf5 66.Rc4+ 
Kf3 67.gxf5 Rxh5 68.Rc5 Kf4 69.Nd3+ Kg4 70.Nf2+ Kf4 71.Nd3+ Kg4 72.Ne5+ 
Kxf5 73.Nd3+ Kg4 74.Nf2+ Kh4 75.Rc8 Kg5 76.Rc6 Kf5 77.Ke2 Rh4 78.Rc5+ Kf6 
79.Kf3 Ra4 80.Ne4+ Kf7 81.Kf4 Ke6 82.Re5+ Kf7 83.Kf5 Ra6 84.Rb5 Ra1 85.
Ng5+ Kg7 86.Re5 Rf1+ 87.Ke6 Kg6 88.Ne4 Rf4 89.Kxe7 Rh4 90.Ke6 Rf4 91.Nd6 
Rf6+ 92.Kd5 Rf1 93.Re6+ Kg5 94.Ke5 Kg4 95.Ne4 Kf3 96.Ra6 Re1 97.Ra3+ Re3 
98.Ra4 Re1 99.Kf5 Ke2 100.Rb4 Kd3 101.Ke5 Rh1 102.Rb3+ Kc4 103.Rc3+ Kb4 
104.Rc8 Re1 105.Kd4 Rd1+ 106.Ke3 Rd7 107.Rg8 Kc4 108.Ke2 Re7 109.Ke3 Ra7 
110.Rc8+ Kb4 111.Nc3 Kb3 112.Ne2 Kb4 113.Nd4 Re7+ 114.Kd3 Rd7 115.Rc4+ Ka5
116.Rc6 Kb4 117.Rc8 Rd6 118.Rb8+ Ka5 119.Kc4 Ka6 120.Rb1 Rb6 121.Nb3 Kb7 
122.Nc5+ Kc7 123.Rh1 Rg6 124.Ne4 Rg2 125.Kb5 Rb2+ 1/2-1/2